000 02123nam a2200265Ia 4500
999 _c54463
_d54463
001 21525
003 GE_BSU
005 20210329154207.0
008 181216s2017||||ge |||||||||||||| ||geo||
040 _cGE_BSU
041 _ageo
080 _a33 ჭ-46
100 _aჭილაია, ნინო
_95506
245 _aმიწოდების ხარჯების მინიმიზაციისა და საწარმოო ლოჯისტიკური პოტენციალის ოპტიმიზაციის სტრატეგიები გლობალურ ბიზნესში (აჭარის ავტონომიური რესპუბლიკის მაგალითზე) /
_c ნინო ჭილაია; სამეცნ. ხელმძღვანელი: რ. მანველიძე., ბ. გეჩბაია; ბათუმის შოთა რუსთაველის სახ-ფო უნ-ტი. ეკონომიკისა და ბიზნესის ფაკ-ტი
264 _aბათუმი,
_c2017.
300 _a195 გვ.
_b30 სმ.
501 _aდანართები გვ.;192-195
504 _aბიბლ.გვ.183-191.
653 _aდისერტაცია
653 _aეკონომიკა. ბიზნეს ადმინისტრირება
653 _aმიწოდების ხარჯების მინიმიზაციისა და საწარმოო ლოჯისტიკური პოტენციალის ოპტიმიზაციის სტრატეგიები გლობალურ ბიზნესში (აჭარის ავტონომიური რესპუბლიკის მაგალითზე)
700 _aმანველიძე, რ.
_eსამეცნ. ხელმძღვანელი
_910484
700 _aგეჩბაია, ბ.
_eსამეცნ. ხელმძღვანელი
_910764
942 _cBK
_2udc